DESTIATION JESUS/ (Record no. 216733)
[ view plain ]
| 000 -LEADER | |
|---|---|
| fixed length control field | 00649nam a22002177a 4500 |
| 005 - DATE AND TIME OF LATEST TRANSACTION | |
| control field | 20260618113559.0 |
| 010 ## - LCCN (DPL NO) | |
| LC control number | ENG-148955 |
| 020 ## - INTERNATIONAL STANDARD BOOK NUMBER | |
| International Standard Book Number | 9789390683000 |
| Terms of availability | 500.00 |
| 035 ## - SYSTEM CONTROL NUMBER | |
| System control number | EN-132487 |
| 037 ## - SOURCE OF ACQUISITION | |
| Source of stock number/acquisition | ANAMIKA PRAKASHAN |
| 037 ## - SOURCE OF ACQUISITION | |
| Source of stock number/acquisition | DBAD |
| Stock number | DPL |
| 082 ## - DEWEY DECIMAL CLASSIFICATION NUMBER | |
| Classification number | 881 TRI |
| 100 ## - MAIN ENTRY--PERSONAL NAME | |
| Personal name | TRIPATHI, KESHARI NATH |
| 245 ## - TITLE STATEMENT | |
| Title | DESTIATION JESUS/ |
| Statement of responsibility, etc | By KESHARI NATH TRIPATHI |
| 260 ## - PUBLICATION, DISTRIBUTION, ETC. (IMPRINT) | |
| Place of publication, distribution, etc | ALLAHABAD |
| Name of publisher, distributor, etc | ANAMIKA PRAKASHAN |
| Date of publication, distribution, etc | 2021 |
| 270 ## - ADDRESS | |
| Address | 52, TULARAM BAGH, |
| City | ALLABAD |
| Postal code | 211006 |
| 300 ## - PHYSICAL DESCRIPTION | |
| Extent | 184240p. |
| Other physical details | 21cm(pb) |
| 700 ## - ADDED ENTRY--PERSONAL NAME | |
| 9 (RLIN) | 89424 |
| 942 ## - ADDED ENTRY ELEMENTS (KOHA) | |
| Source of classification or shelving scheme | Dewey Decimal Classification |
| Item type | English Books |
| Classification part | 881 |
| Call number suffix | TRI |
| Withdrawn status | Lost status | Not for loan | Collection code | Home library | Current library | Date acquired | Source of acquisition | Cost, normal purchase price | Full call number | Barcode | Copy number | Cost, replacement price | Koha item type |
|---|---|---|---|---|---|---|---|---|---|---|---|---|---|
| Not For Loan | Non-fiction | D.B.Act.Division | D.B.Act.Division | 18/06/2026 | DBAD | 500.00 | 881 TRI | EN-132487 | 1 | 500.00 | English Books |
